000 00549nam a2200229 a 4500
001 nice12345678
003 IN_TiNIC
005 20260116013503.0
008 080915s1953 newa grp 000 0 eng
020 _a
_c294
082 0 0 _a231
_bPHI1
100 _aPhillips, J B
245 _aYour God Is Too Small
260 _aNew York
_bMacmillan Company
_c1953
300 _a118p
500 _aincludes index and biblioraphy
650 _aGod-Biblical Teaching
700 1 _aPhillips, J B
902 _bSRS
942 _cBK
999 _c11173
_d11173